000 00379nam a2200133Ia 4500
005 20260328101446.0
008 260328s9999||||xx |||||||||||||| ||und||
100 _aSchmitt, Paola
245 0 _aPatrimonio Humano :
_b Evento Fotográfico de Arte Urbano /
_cPaola Schmitt
260 _bOficina del Casco Antiguo de Panamá
300 _a96 p.
650 _aFOTOGRAFÍA
942 _cBK
999 _c8459
_d8459